Surovinové zdroje České republiky nerostné suroviny

Saved in:
Bibliographic Details
Format: Book
Language:Czech
Published: Praha Ministerstvo životního prostředí 2006
Subjects:
Tags: Add Tag
No Tags, Be the first to tag this record!

MARC

LEADER 00000nam$a2200000$$$4500
001 0055739
005 20230314084726.8
022 |a 1801-6693 
041 0 |a cze 
044 |a CZ 
245 1 0 |a Surovinové zdroje České republiky  |b nerostné suroviny 
264 1 |a Praha  |b Ministerstvo životního prostředí  |c 2006 
300 |a 304 s. 
610 2 0 |a suroviny nerastné 
610 2 0 |a zdroje surovinové 
610 2 0 |a obchod zahraničný 
610 2 0 |a ťažba nerastov 
610 2 0 |a ochrana prírody 
610 2 0 |a geológia 
610 2 0 |a prieskum geologický 
610 2 0 |a rudy 
610 2 0 |a uhlie 
610 2 0 |a ropa 
610 2 0 |a plyn 
610 2 0 |a suroviny prírodné 
610 2 0 |a Česko